<?xml version="1.0" encoding="UTF-8"?><?xml-stylesheet type="text/xsl" href="static/style.xsl"?><OAI-PMH xmlns="http://www.openarchives.org/OAI/2.0/" xmlns:xsi="http://www.w3.org/2001/XMLSchema-instance" xsi:schemaLocation="http://www.openarchives.org/OAI/2.0/ http://www.openarchives.org/OAI/2.0/OAI-PMH.xsd"><responseDate>2026-04-14T19:10:34Z</responseDate><request verb="GetRecord" identifier="oai:uvadoc.uva.es:10324/2832" metadataPrefix="marc">http://uvadoc.uva.es/oai/request</request><GetRecord><record><header><identifier>oai:uvadoc.uva.es:10324/2832</identifier><datestamp>2021-06-23T09:54:42Z</datestamp><setSpec>com_10324_1138</setSpec><setSpec>com_10324_931</setSpec><setSpec>com_10324_894</setSpec><setSpec>col_10324_1226</setSpec></header><metadata><record xmlns="http://www.loc.gov/MARC21/slim" xmlns:doc="http://www.lyncode.com/xoai" xmlns:xsi="http://www.w3.org/2001/XMLSchema-instance" xmlns:dcterms="http://purl.org/dc/terms/" xsi:schemaLocation="http://www.loc.gov/MARC21/slim http://www.loc.gov/standards/marcxml/schema/MARC21slim.xsd">
<leader>00925njm 22002777a 4500</leader>
<datafield tag="042" ind1=" " ind2=" ">
<subfield code="a">dc</subfield>
</datafield>
<datafield tag="720" ind1=" " ind2=" ">
<subfield code="a">Ibáñez Maraña, María Antonia</subfield>
<subfield code="e">author</subfield>
</datafield>
<datafield tag="720" ind1=" " ind2=" ">
<subfield code="a">Cenizo Revuelta, Noelia María</subfield>
<subfield code="e">author</subfield>
</datafield>
<datafield tag="720" ind1=" " ind2=" ">
<subfield code="a">Río Sola, María Lourdes del</subfield>
<subfield code="e">author</subfield>
</datafield>
<datafield tag="720" ind1=" " ind2=" ">
<subfield code="a">Sánchez García, Ana María de los Ángeles</subfield>
<subfield code="e">author</subfield>
</datafield>
<datafield tag="720" ind1=" " ind2=" ">
<subfield code="a">San Norberto García, Enrique María</subfield>
<subfield code="e">author</subfield>
</datafield>
<datafield tag="720" ind1=" " ind2=" ">
<subfield code="a">Brizuela Sanz, José Antonio</subfield>
<subfield code="e">author</subfield>
</datafield>
<datafield tag="720" ind1=" " ind2=" ">
<subfield code="a">Gutíerrez Alonso, Vicente</subfield>
<subfield code="e">author</subfield>
</datafield>
<datafield tag="720" ind1=" " ind2=" ">
<subfield code="a">Vaquero Puerta, Carlos</subfield>
<subfield code="e">author</subfield>
</datafield>
<datafield tag="260" ind1=" " ind2=" ">
<subfield code="c">2011</subfield>
</datafield>
<datafield tag="520" ind1=" " ind2=" ">
<subfield code="a">The objective of the work is to study the clinical and haemodynamic evolution, over 1 year, in patients&#xd;
with femoropopliteal arterial pathology treated by means of atherectomy with the SilverHawk device.&#xd;
Materials and methods: Nineteen (19) patients were treated between December 2008 and May 2009,&#xd;
collecting data on sex, age, comorbidity and clinical degree, with prospective monitoring over 12 months&#xd;
of clinical symptoms, physical examination and ecodoppler, obtaining results on diameter and peak&#xd;
systolic velocity at different arterial levels.&#xd;
Results: Of the 19 patients, 14 were men and 5 women, with a mean age of 70 years, hypertensive (73%),&#xd;
diabetic (63%) and smokers (63%). Six (6) presented disabling claudication and 13 critical ischemia with&#xd;
advanced distal trophic lesions in 5. A good arteriographic result was obtained in 12 cases, a stent was&#xd;
placed on the superficial femoral artery in 5 due to suboptimal outcome. Contrast extravasation was&#xd;
observed in 2, with femoropopliteal bypass performed and one exclusion with endoprosthesis for repair.&#xd;
In the ecodoppler after 1, 3, 6 and 12 months, a progressive reduction in lumen diameter and peak&#xd;
intraarterial systolic velocity was observed, particularly on the distal superficial femoral artery. After&#xd;
one year, 7 patients (36.8%) were symptom-free, 5 (26.3%) presented mild or moderate intermittent&#xd;
claudication and 1 patient (5.3%) presented localised distal trophic lesion. Four (4) major amputations&#xd;
were performed, in 2 the knee was preserved, there were 3 thromboses due to the procedure, a secondary&#xd;
endovascular procedure was performed in one case and a femoropopliteal bypass in another, and there&#xd;
were 2 non procedure-related deaths.&#xd;
Discussion: atherectomy with SilverHawk achieves an improvement in clinical degree, with a good rate&#xd;
of extremity salvage in patients with critical ischemia. In the first year, the ecodoppler shows evolution&#xd;
of the arteriopathy, without this necessarily meaning a clinical worsening.</subfield>
</datafield>
<datafield tag="024" ind2=" " ind1="8">
<subfield code="a">European Journal of Radiology, 80 (2011) p. 543-547</subfield>
</datafield>
<datafield tag="024" ind2=" " ind1="8">
<subfield code="a">0720-048X</subfield>
</datafield>
<datafield tag="024" ind2=" " ind1="8">
<subfield code="a">http://uvadoc.uva.es/handle/10324/2832</subfield>
</datafield>
<datafield tag="024" ind2=" " ind1="8">
<subfield code="a">543</subfield>
</datafield>
<datafield tag="024" ind2=" " ind1="8">
<subfield code="a">80</subfield>
</datafield>
<datafield tag="024" ind2=" " ind1="8">
<subfield code="a">547</subfield>
</datafield>
<datafield tag="024" ind2=" " ind1="8">
<subfield code="a">European Journal of Radiology</subfield>
</datafield>
<datafield ind1=" " ind2=" " tag="653">
<subfield code="a">Extremidades</subfield>
</datafield>
<datafield ind1=" " ind2=" " tag="653">
<subfield code="a">Cirugía</subfield>
</datafield>
<datafield tag="245" ind1="0" ind2="0">
<subfield code="a">Clinical and haemodynamic evolution of lesions treated by means of a therectomy with Silver Hawk in the femoropopliteal sector</subfield>
</datafield>
</record></metadata></record></GetRecord></OAI-PMH>